আর্থনীতিক ভূগোল: (Record no. 18906)

MARC details
000 -LEADER
fixed length control field 00940nam a22002297a 4500
003 - CONTROL NUMBER IDENTIFIER
control field BDDh-ASL
005 - DATE AND TIME OF LATEST TRANSACTION
control field 20231015025739.0
008 - FIXED-LENGTH DATA ELEMENTS--GENERAL INFORMATION
fixed length control field 201102s2003 bg ||||| |||| 00| 0 b d
040 ## - CATALOGING SOURCE
Original cataloging agency BDDh-ASL
Transcribing agency BDDh-ASL
041 ## - LANGUAGE CODE
Language code of text/sound track or separate title ben
082 ## - DEWEY DECIMAL CLASSIFICATION NUMBER
Classification number 910
Item number CHO
100 1# - MAIN ENTRY--PERSONAL NAME
9 (RLIN) 1813
Personal name চৌধুরী, সিরাজুল ইসলাম
245 10 - TITLE STATEMENT
Title আর্থনীতিক ভূগোল:
Remainder of title বিশ্ব ও বাংলাদেশ /
246 ## - VARYING FORM OF TITLE
Title proper/short title Arthanitik Bhugol Visva O Bangladesh
260 ## - PUBLICATION, DISTRIBUTION, ETC.
Place of publication, distribution, etc. ঢাকা:
Name of publisher, distributor, etc. ঢাকা বিশ্ববিদ্যালয়,
Date of publication, distribution, etc. 2003.
300 ## - PHYSICAL DESCRIPTION
Extent ৪৩৬, ২৬২, ৬৬ পৃ.:
Dimensions ২২ সে. মি.
504 ## - BIBLIOGRAPHY, ETC. NOTE
Bibliography, etc. note Includes bibliographical references and index.
650 #0 - SUBJECT ADDED ENTRY--TOPICAL TERM
9 (RLIN) 1815
Topical term or geographic name entry element ভূগোল
General subdivision বাংলাদেশ ও বিশ্ব
650 #0 - SUBJECT ADDED ENTRY--TOPICAL TERM
Topical term or geographic name entry element Geography (ভূগোল)
9 (RLIN) 5601
650 #0 - SUBJECT ADDED ENTRY--TOPICAL TERM
Topical term or geographic name entry element Economics (অর্থনীতি)
9 (RLIN) 6120
942 ## - ADDED ENTRY ELEMENTS (KOHA)
Source of classification or shelving scheme Dewey Decimal Classification
Koha item type Books
Holdings
Withdrawn status Lost status Source of classification or shelving scheme Damaged status Not for loan Collection code Home library Current library Shelving location Date acquired Source of acquisition Total Checkouts Full call number Barcode Date last seen Copy number Price effective from Koha item type Public note
    Dewey Decimal Classification     Non-fiction Asiatic Society Library Asiatic Society Library General Stacks 11/02/2020 ASB Collection   910 CHO 102144 11/02/2020 C-1 11/02/2020 Books  
    Dewey Decimal Classification     Non-fiction Asiatic Society Library Asiatic Society Library General Stacks 03/28/2023 Donated by Banglapedia Reference Library   910 CHO 120116 03/28/2023 C-2 03/28/2023 Books Y-1995

Powered by Koha